A simple non-Euclidean geometry and its physical basis : an elementary account of Galilean geometry and the Galilean principle of relativity
Αποθηκεύτηκε σε:
| Κύριος συγγραφέας: | |
|---|---|
| Μορφή: | Βιβλίο |
| Γλώσσα: | English Russian |
| Δημοσίευση: |
New York :
Springer,
c1979.
|
| Σειρά: | Heidelberg science library
|
| Θέματα: | |
| Ετικέτες: |
Προσθήκη ετικέτας
Δεν υπάρχουν, Καταχωρήστε ετικέτα πρώτοι!
|
MARC
| LEADER | 00000cam a2200000 i 4500 | ||
|---|---|---|---|
| 001 | 1/30443 | ||
| 008 | 941103s1979 nyu| ||| |||| ||eng|| | ||
| 020 | |a 0387903321 | ||
| 035 | |l 10038571 | ||
| 035 | |a 1988 | ||
| 040 | |a GR-MyUA |b gre |e AACR2 | ||
| 041 | 1 | |a eng |h rus | |
| 082 | 0 | |a 516.9 | |
| 100 | 1 | |a IAglom, I. M. |q (Isaak Moiseevich), |d 1921-1988. | |
| 245 | 1 | 2 | |a A simple non-Euclidean geometry and its physical basis : |b an elementary account of Galilean geometry and the Galilean principle of relativity / |c I. M. Yaglom ; translated from the Russian by Abe Shenitzer ; with the editorial assistance of Basil Gordon. |
| 260 | |a New York : |b Springer, |c c1979. | ||
| 300 | |a xviii, 307 σ. : |b εικ. ; |c 24 εκ. | ||
| 490 | 1 | |a (Heidelberg science library) | |
| 500 | |a Τίτλος πρωτοτύπου: Οtnositelʹnosti Galileia i neevklidova geometriia. | ||
| 504 | |a Βιβλιογραφία: σ. [289]-293. Ευρετήρια. | ||
| 650 | 0 | 0 | |a Geometry, Non-Euclidean. |
| 650 | 0 | 0 | |a Relativity (Physics) |
| 830 | 0 | |a Heidelberg science library | |
| 852 | |a INST |b SAMOS |e 19941103 |h 516.9 IAG |p 005300001182 |q 005300001182 |t BK |y 0 | ||
| 909 | |a Σ |b 009237 | ||